Nombre 12 - Culture générale - Statistiques

Statistiques générales
  • Ce quiz a été pris 2 774 fois
  • Le résultat moyen est 11 sur 20
Statistiques - réponses
Indice Réponse % Correct
Premier des douze mois de l'année Janvier
99%
Héros grec ayant réalisé douze travaux Héraclès
96%
Douzième heure de la journée Midi
96%
Jeu télévisé français présenté par Jean-Luc Reichmann depuis 2010 Les Douze Coups de midi
94%
En poésie, vers composé de douze syllabes Alexandrin
92%
Disciples et messagers de Jésus au nombre de 12 Apôtres
90%
Aliment que l'on achète par douzaine Œuf
84%
Douzième et dernier signe astrologique Poissons
65%
On en possède 12 paires qui protègent notamment le cœur Côtes
58%
Pays dans lequel on mange 12 grains de raisins pour les 12 sons de cloche du nouvel an Espagne
58%
Son drapeau possède 12 étoiles jaune Europe
55%
Film et pièce de théâtre de procès en huis clos réunissant 12 jurés Douze Hommes en colère
42%
Douzième et dernier signe du zodiaque chinois Cochon
36%
Drame historique parlant d'esclavagisme Oscar du meilleur film en 2014 Twelve Years a Slave
34%
Empereur romain autocratique et fou né en l'an 12 Caligula
29%
Dernière des douze divinités olympiennes à rejoindre le panthéon grec Dionysos
19%
Film de science-fiction avec Bruce Willis et Brad Pitt où des scientifiques envoient des prisonniers dans le passé L'Armée des douze singes
19%
Le chiisme duodécimain en reconnaît 12, tous successeurs de Mahomet Imams | Califes
12%
Film de guerre états-unien narrant l'attaque de 12 condamnés d'un château rempli de nazis Les Douze Salopards
9%
Auteur de la Vie des Douze Césars Suétone
5%
Aucun quiz correspondant
Distribution des résultats
% des personnes avec chaque résultat
Percentile par nombre de réponses
Votre historique - résultats
Vous n’avez pas pris ce quiz